¿Cómo pasar de políticas de gobierno a políticas de Estado en América Central? /
Wedi'i Gadw mewn:
| Prif Awdur: | |
|---|---|
| Fformat: | Texto |
| Iaith: | Spanish |
| Tagiau: |
Ychwanegu Tag
Dim Tagiau, Byddwch y cyntaf i dagio'r cofnod hwn!
|
MARC
| LEADER | 00000 a a2200000 04500 | ||
|---|---|---|---|
| 001 | 47610 | ||
| 003 | cru CIDCACS/IIS | ||
| 005 | 20170313094153.0 | ||
| 008 | 170313b xxu||||| |||| 00| 0 spa d | ||
| 020 | |a 978-9968-662-02-4 | ||
| 040 | |c CIDCACS/IIS | ||
| 090 | |a 04.03.02 O65c | ||
| 100 | |a Ordoñez Chacón, Jaime | ||
| 245 | |a ¿Cómo pasar de políticas de gobierno a políticas de Estado en América Central? / |c Jaime Ordóñez | ||
| 300 | |a páginas 229 | ||
| 942 | |2 ddc |c LI | ||
| 999 | |c 1888 |d 1888 | ||



